[Event "Roncana op-A 7th"]
[Site "Santa Eulalia de Roncana"]
[Date "2013.11.09"]
[Round "5"]
[White "Oms Bruguera, Arnau"]
[Black "Bertran Cequiel, Jordi"]
[Result "0-1"]
[WhiteElo "1573"]
[BlackElo "1756"]
[PlyCount "90"]
[EventDate "2013.10.05"]
[EventType "swiss"]
[EventRounds "8"]
[EventCountry "ESP"]
[SourceTitle "CBM 157 Extra"]
[Source "ChessBase"]
[SourceDate "2013.12.19"]
[SourceVersion "1"]
[SourceVersionDate "2013.12.19"]
[SourceQuality "1"]

1. d4 c6 2. c4 d5 3. Nf3 Nf6 4. Nc3 dxc4 5. e4 b5 6. e5 Nd5 7. Ng5 Bf5 8. g4 Bg6 9. f4 e6 10. Qf3 Be7 11. h4 h6 12. f5 hxg5 13. fxg6 fxg6 14. Qe4 gxh4 15. Qxg6+ Kd7 16. Bh3 Na6 17. g5 Qg8 18. 0-0 Rf8 19. Bd2 Nac7 20. Ne2 Qh7 21. Qxh7 Rxf1+ 22. Rxf1 Rxh7 23. Rf7 Ne8 24. g6 Rh8 25. Nf4 Nxf4 26. Bxf4 Rf8 27. Rxf8 Bxf8 28. Kf2 Nc7 29. Bg2 Nd5 30. Bd2 Be7 31. Kf3 c5 32. Ke4 cxd4 33. Kxd4 Kc6 34. Bh6 Bc5+ 35. Ke4 Bf8 36. Bg5 Ne7 37. Kd4+ Kd7 38. Bxh4 Nf5+ 39. Kc3 Nxh4 40. Be4 Kc7 41. a4 a6 42. b3 cxb3 43. axb5 axb5 44. Kxb3 Kb6 45. Bd3 Nf3 0-1

[Event "Roncana op-A 7th"]
[Site "Santa Eulalia de Roncana"]
[Date "2013.10.26"]
[Round "4"]
[White "Bertran Cequiel, Jordi"]
[Black "Lopez Pajuelo, Sergi"]
[Result "1/2-1/2"]
[WhiteElo "1756"]
[BlackElo "1620"]
[PlyCount "43"]
[EventDate "2013.10.05"]
[EventType "swiss"]
[EventRounds "8"]
[EventCountry "ESP"]
[SourceTitle "CBM 157 Extra"]
[Source "ChessBase"]
[SourceDate "2013.12.19"]
[SourceVersion "1"]
[SourceVersionDate "2013.12.19"]
[SourceQuality "1"]

1. d4 d5 2. c4 e5 3. dxe5 d4 4. Nf3 Nc6 5. a3 Be6 6. e3 dxe3 7. Qxd8+ Rxd8 8. Bxe3 Nge7 9. Nc3 Ng6 10. Nb5 Rd7 11. Ng5 Ngxe5 12. Nxe6 fxe6 13. Be2 a6 14. Nc3 Na5 15. c5 Nb3 16. Rd1 Rxd1+ 17. Kxd1 Bxc5 18. Bf4 Nc6 19. Bxc7 Bxf2 20. Rf1 0-0 21. Bc4 Nbd4 22. Ne4 1/2-1/2

[Event "Roncana op-A 7th"]
[Site "Santa Eulalia de Roncana"]
[Date "2013.10.12"]
[Round "2"]
[White "Bertran Cequiel, Jordi"]
[Black "Martin Perez, Laura"]
[Result "0-1"]
[WhiteElo "1756"]
[BlackElo "2013"]
[PlyCount "66"]
[EventDate "2013.10.05"]
[EventType "swiss"]
[EventRounds "8"]
[EventCountry "ESP"]
[SourceTitle "CBM 157 Extra"]
[Source "ChessBase"]
[SourceDate "2013.12.19"]
[SourceVersion "1"]
[SourceVersionDate "2013.12.19"]
[SourceQuality "1"]

1. d4 Nf6 2. c4 c5 3. d5 b5 4. Qc2 bxc4 5. e4 d6 6. Bxc4 g6 7. Nf3 Bg7 8. 0-0 0-0 9. Nc3 Ba6 10. Bxa6 Nxa6 11. h3 Qb6 12. a3 Nc7 13. Be3 Nb5 14. Nxb5 Qxb5 15. Nd2 Rab8 16. Rab1 Rfc8 17. Nc4 Nd7 18. Bd2 Qb3 19. Rfc1 Ne5 20. Nxe5 Bxe5 21. Bc3 Bf4 22. Qxb3 Rxb3 23. Rc2 Rcb8 24. Ra1 Bh6 25. Kf1 Bg7 26. Bxg7 Kxg7 27. Ra2 f5 28. e5 Rd3 29. exd6 exd6 30. Rc4 Rd2 31. Ra4 Rb7 32. Ke1 Rxd5 33. Rc4 Re7+ 0-1

[Event "Maresme op 9th"]
[Site "Maresme"]
[Date "2012.10.27"]
[Round "5"]
[White "Gonzalez Moreno, Antoni"]
[Black "Bertran Cequiel, Jordi"]
[Result "1/2-1/2"]
[WhiteElo "1970"]
[BlackElo "1878"]
[PlyCount "82"]
[EventDate "2012.09.29"]
[EventType "swiss"]
[EventRounds "9"]
[EventCountry "ESP"]
[SourceTitle "EXT 2014"]
[Source "ChessBase"]
[SourceDate "2013.11.20"]
[SourceVersion "1"]
[SourceVersionDate "2013.11.20"]
[SourceQuality "1"]

1. c4 c6 2. e3 d5 3. d4 e6 4. Nf3 Nf6 5. Be2 a6 6. a3 Nbd7 7. Nc3 b5 8. cxd5 cxd5 9. 0-0 Bd6 10. b4 0-0 11. Bb2 Bb7 12. Qb3 Nb6 13. a4 bxa4 14. Nxa4 Nxa4 15. Rxa4 Qb6 16. Rfa1 Rfb8 17. Bc3 Ne4 18. Be1 Qc6 19. Ne5 Bxe5 20. dxe5 f6 21. f3 Ng5 22. exf6 gxf6 23. Qb2 Kf7 24. b5 Qb6 25. Bf2 Rg8 26. Kf1 e5 27. Qb3 Ne6 28. Qb1 axb5 29. Bxb5 Kg7 30. Rg4+ Kh8 31. Rxa8 Rxa8 32. Rh4 Qc7 33. Rb4 Rc8 34. Be2 Qc1+ 35. Qxc1 Rxc1+ 36. Be1 Rc7 37. Bd3 Kg7 38. Rb6 Nc5 39. Be2 Bc8 40. Bh4 Be6 41. Be1 Kf7 1/2-1/2

[Event "Maresme op 8th"]
[Site "Maresme"]
[Date "2011.09.24"]
[Round "1"]
[White "Bertran Cequiel, Jordi"]
[Black "Vizcaino Marin, Jose Luis"]
[Result "1/2-1/2"]
[WhiteElo "1871"]
[BlackElo "1866"]
[PlyCount "24"]
[EventDate "2011.09.24"]
[EventType "swiss"]
[EventRounds "9"]
[EventCountry "ESP"]
[SourceTitle "EXT 2013"]
[Source "ChessBase"]
[SourceDate "2012.11.22"]
[SourceVersion "1"]
[SourceVersionDate "2012.11.22"]
[SourceQuality "1"]

1. e4 e6 2. d4 d5 3. exd5 exd5 4. Bd3 Nf6 5. Nf3 Bg4 6. Bg5 Nbd7 7. 0-0 Be7 8. Nbd2 0-0 9. Re1 Re8 10. Qc1 Rc8 11. c3 c5 12. dxc5 Nxc5 1/2-1/2